| 000 | 00466pab a2200181 454500 | ||
|---|---|---|---|
| 008 | 180718b2001 xxu||||| |||| 00| 0 eng d | ||
| 100 | _aVyas, Parimal H. | ||
| 245 | _aImpact of e-commerce and internet on marketing curriculum | ||
| 260 | _c2001 | ||
| 300 | _ap.9-11 | ||
| 362 | _a19 Feb | ||
| 650 | _aInternet | ||
| 650 | _aElectronic commerce | ||
| 650 | _aManagement education | ||
| 700 | _aPatel, Arpana V. | ||
| 773 | _aUniversity News | ||
| 909 | _a47701 | ||
| 999 |
_c47701 _d47701 |
||